000 00558nam a2200181Ia 4500
003 OSt
005 20240411164541.0
008 210210b1957 xxu||||| |||| 00| 0 eng d
040 _cAL
041 _aKannada
082 _a856/172
100 _aPANDURANGI (K T) ಪಾಂಡುರಂಗಿ ಕೆ ಟಿ
_9159804
245 _aSamskrata kavayitriyaru
_bಸಂಸ್ಕೃತ ಕವಯಿತ್ರಿಯರು
260 _aDharavada
_bKarnataka Vishvavidyanilalya
_c1957
690 _aKannada Miscellaneous
_9159805
906 _a020412
942 _2ddc
_cBK
999 _c144561
_d144561